000 00584nam a2200193Ia 4500
005 20260120131957.0
008 008 260114s9999 xx 000 0 eng d
020 _a9780197741214
037 _aEBOOK
040 _aCRL
_beng
_cCRL
041 _aeng
_2eng
084 _qCRL
100 _aSchiller
_9933464
245 0 _aSmall Sacrifices: Religious Change and Cultural Identity Among the Ngaju of Indonesia
260 _bOxford University PressOxford University Press
_c2023
856 _uhttps://academic.oup.com/book/49573
942 _cEBOOK
999 _c1525387
_d1525387